| LEADER 00000nam 2200000uu 4500 |
| 001 51109 |
| 003 ULIBM |
| 008 180807s||||||||th 000 0 tha d |
| 020 ^a 978 616 00 3193 1
|
| 082 0 ^a อ 307.14 ^b ภ - ค
|
| 110 0 ^a ฝ่ายวิชาการสถาพรบุ๊คส์
|
| 245 00 ^a โครงการอันเนื่องมาจากพระราชดำริ ป่าสักชลสิทธิ์ =^b Pasak cholasit dam /^c ฝ่ายวิชาการสถาพรบุ๊คส์
|
| 246 00 ^a ป่าสักชลสิทธิ์
|
| 250 ^a พิมพ์ครั้งที่ 1
|
| 260 ^a กรุงเทพฯ :^b สถาพรบุ๊คส์ ,^c 2560
|
| 300 ^a 48 หน้า ^b ภาพประกอบ 150 บาท
|
| 440 ^a ชุด ศาสตร์พระราชาพัฒนาทั่วไทย
|
| 500 ^a เนื้อหามีทั้งภาษาไทยภาษาอังกฤษ
|
| 600 00 ^a ภูมิพลอดุลเดช ,พระบาทสมเด็จพระปรมินทรมหา ^d 2470 - 2559 ^x พระราชกรณียกิจ
|
| 650 0 ^a โครงการอันเนื่องมาจากพระราชดำริ
|
| 700 0 ^a พีริยา พงษ์สาริกัน ,^e ผู้แปล
|
| 700 0 ^a เวียโน ,จอห์น ,^e ผู้แปล
|
| 999 ^ananthaya
|